Astrology Signs - Statistics

General Stats
  • This quiz has been taken 505 times
    488 since last reset
  • The average score is 8 of 12
Answer Stats
Hint Answer % Correct
Leo Lion
95%
Pisces Fish
91%
Taurus Bull
90%
Cancer Crab
88%
Scorpio Scorpion
87%
Gemini Twins
85%
Aries Ram
77%
Libra Scales
58%
Sagittarius Centaur
57%
Aquarius Water Bearer
38%
Virgo maiden virgin
3%
Capricorn seagoat goat
0%
No matching quizzes found
Score Distribution
Percent of People with Each Score
Percentile by Number Answered
Your Score History
You have not taken this quiz since the last reset